Resource assessment of non-wood forest products : experience and biometric principles

Bibliographic Details
Main Author: WONG
Corporate Author: Food and Agriculture Organization of the United Nations (FAO)
Other Authors: Baker, Thornber
Format: Book
Published: Rome : Food and Agriculture Organization of the United Nations , 2001
Series:Non-wood forest products; 13
Subjects:

MARC

LEADER 00000cam a2200000 7i4500
001 0000002639
005 20030902.0
020 0 0 |a 925104614X 
090 0 0 |a FAO333.75   |b WON 2001 
100 1 0 |a WONG   |h Jennifer L. G. 
245 1 0 |a Resource assessment of non-wood forest products :   |b experience and biometric principles   |c by Jennifer L. G. Wong, Kirsti Thornber, Nell Baker 
260 0 0 |a Rome :   |b Food and Agriculture Organization of the United Nations ,   |c 2001 
300 |a xvii, 109 p. :   |b ill. ;   |c 30 cm. 
440 0 0 |a Non-wood forest products; 13 
500 0 0 |a Includes references 
650 0 0 |a Non-timber forest products 
650 0 0 |a Non-timber forest products industry 
700 0 1 |a Baker   |h Nell 
700 0 1 |a Thornber   |h Kirsti 
710 1 1 |a Food and Agriculture Organization of the United Nations (FAO) 
998 |a JPSM 
999 |a 0000005026   |b Monograph   |c Food and Agriculture Organization   |e Default branch